• 首页
  • 本馆介绍
  • 公告通知
  • 最新文献
  • 馆藏检索
  • 电子资源
  • 读者导购
  • 参考咨询
  • 我的图书馆
  • 登录
  • 详细信息显示
  • 放入我的书架
  • 预约/预借图书
  • 作者相关作品
  • 分类相关作品
  • 丛书相关作品
  • 出版社相关作品

书目信息

  • 表格格式
  • 工作单格式
  • 卡片格式
题名:
科技英语阅读
    
 
作者: 谢小苑 主编
分册:  
出版信息: 北京   国防工业出版社  2014
页数: 315页
开本: 23cm
丛书名:
单 册:
中图分类: N43
科图分类:
主题词: 科学技术--英语--阅读教学--高等学校--教材
电子资源:
ISBN: 978-7-118-09778-8
000 00964nam0 2200241 450
001 2360974759
005 20231126165626.03
010    @a978-7-118-09778-8@dCNY39.00
100    @a20141124d2014 em y0chiy50 ea
101 0  @achi@aeng
102    @aCN@b110000
105    @ay z 000yy
200 1  @a科技英语阅读@Ake ji ying yu yue du@dA practical course of EST reading@f谢小苑主编@zeng
210    @a北京@c国防工业出版社@d2014
215    @a315页@d23cm
300    @a南京航空航天大学“十二五”规划教材·科技英语系列教材
330    @a本书以“讲座”的形式讲解科技英语的语言特点、科技文献的阅读技巧和方法,以“课文”及“拓展阅读”作为阅读实践内容,介绍由人类发展进程中各个时期的科技发展、科技大发明和大发现、科学家故事连缀成的中外科技史。
510 1  @aPractical course of EST reading@zeng
606 0  @a科学技术@x英语@x阅读教学@x高等学校@j教材
690    @aN43@v5
701  0 @a谢小苑@Axie xiao yuan@4主编
801  0 @aCN@b山东中教@c20231126
905    @aBZT@dN43@e3
    
    科技英语阅读=A practical course of EST reading/谢小苑主编.-北京:国防工业出版社,2014
    315页;23cm
    南京航空航天大学“十二五”规划教材·科技英语系列教材
    
    ISBN 978-7-118-09778-8:CNY39.00
    本书以“讲座”的形式讲解科技英语的语言特点、科技文献的阅读技巧和方法,以“课文”及“拓展阅读”作为阅读实践内容,介绍由人类发展进程中各个时期的科技发展、科技大发明和大发现、科学家故事连缀成的中外科技史。
●
相关链接 在五车中查询图书 在当当中查询图书 在豆瓣中查询图书


正题名:科技英语阅读     索取号:N43/3         预约/预借

序号 登录号 条形码 馆藏地/架位号 状态 备注
1 2001217236   2001217236   中教(第二批第二书库)/山东中教(第二批)/588/ [索取号:N43/3] 在馆    
2 2001217237   2001217237   中教(第二批第二书库)/山东中教(第二批)/588/ [索取号:N43/3] 在馆    
3 2001217238   2001217238   中教(第二批第二书库)/山东中教(第二批)/588/ [索取号:N43/3] 在馆    
4 2001217239   2001217239   中教(第二批第二书库)/山东中教(第二批)/588/ [索取号:N43/3] 在馆    
5 2001217240   2001217240   中教(第二批第二书库)/山东中教(第二批)/588/ [索取号:N43/3] 在馆    
6 2001217241   2001217241   中教(第二批第二书库)/山东中教(第二批)/588/ [索取号:N43/3] 在馆    
7 2001217242   2001217242   中教(第二批第二书库)/山东中教(第二批)/588/ [索取号:N43/3] 在馆    
8 2001217243   2001217243   中教(第二批第二书库)/山东中教(第二批)/588/ [索取号:N43/3] 在馆    
9 2001217244   2001217244   中教(第二批第二书库)/山东中教(第二批)/588/ [索取号:N43/3] 在馆    
10 2001217245   2001217245   中教(第二批第二书库)/山东中教(第二批)/588/ [索取号:N43/3] 在馆    
11 2001217246   2001217246   中教(第二批第二书库)/山东中教(第二批)/588/ [索取号:N43/3] 在馆    
12 2001217247   2001217247   中教(第二批第二书库)/山东中教(第二批)/588/ [索取号:N43/3] 在馆    
13 2001217248   2001217248   中教(第二批第二书库)/山东中教(第二批)/588/ [索取号:N43/3] 在馆    
14 2001217249   2001217249   中教(第二批第二书库)/山东中教(第二批)/588/ [索取号:N43/3] 在馆    
15 2001217250   2001217250   中教(第二批第二书库)/山东中教(第二批)/588/ [索取号:N43/3] 在馆    
16 2001217251   2001217251   中教(第二批第二书库)/山东中教(第二批)/588/ [索取号:N43/3] 在馆    
17 2001217252   2001217252   中教(第二批第二书库)/山东中教(第二批)/588/ [索取号:N43/3] 在馆    
18 2001217253   2001217253   中教(第二批第二书库)/山东中教(第二批)/588/ [索取号:N43/3] 在馆    
19 2001217254   2001217254   中教(第二批第二书库)/山东中教(第二批)/588/ [索取号:N43/3] 在馆    
20 2001217255   2001217255   中教(第二批第二书库)/山东中教(第二批)/588/ [索取号:N43/3] 在馆    
21 2001217256   2001217256   中教(第二批第二书库)/山东中教(第二批)/588/ [索取号:N43/3] 在馆    
22 2001217257   2001217257   中教(第二批第二书库)/山东中教(第二批)/588/ [索取号:N43/3] 在馆    
23 2001217258   2001217258   中教(第二批第二书库)/山东中教(第二批)/588/ [索取号:N43/3] 在馆    
24 2001217259   2001217259   中教(第二批第二书库)/山东中教(第二批)/588/ [索取号:N43/3] 在馆    
25 2001217260   2001217260   中教(第二批第二书库)/山东中教(第二批)/588/ [索取号:N43/3] 在馆    
26 2001217261   2001217261   中教(第二批第二书库)/山东中教(第二批)/588/ [索取号:N43/3] 在馆    
27 2001217262   2001217262   中教(第二批第二书库)/山东中教(第二批)/588/ [索取号:N43/3] 在馆    
28 2001217263   2001217263   中教(第二批第二书库)/山东中教(第二批)/588/ [索取号:N43/3] 在馆    
29 2001217264   2001217264   中教(第二批第二书库)/山东中教(第二批)/588/ [索取号:N43/3] 在馆    
30 2001217265   2001217265   中教(第二批第二书库)/山东中教(第二批)/588/ [索取号:N43/3] 在馆    
山东省滨州职业学院图书馆 欢迎您!
大连网信软件有限公司© 版权所有